[Event "Karlsruhe Grenke op"]
[Site "Karlsruhe"]
[Date "2025.04.19"]
[Round "4"]
[White "Hartge, Gedeon"]
[Black "Kopylov, Daniel"]
[Result "1-0"]
[WhiteElo "2278"]
[BlackElo "2431"]
[PlyCount "55"]
[EventDate "2025.04.17"]
[EventType "swiss"]
[EventRounds "9"]
[EventCountry "GER"]
[SourceTitle "CB17_2025"]
[SourceDate "2025.04.23"]
[SourceVersion "1"]
[SourceVersionDate "2025.04.23"]
[SourceQuality "1"]

1. c4 Nf6 2. d4 e6 3. Nc3 Bb4 4. e3 0-0 5. Bd3 c5 6. Nge2 Nc6 7. 0-0 d5 8. cxd5 exd5 9. a3 Bxc3 10. bxc3 Re8 11. f3 b6 12. Ng3 a5 13. Ra2 Ba6 14. Re2 Qc8 15. e4 Bxd3 16. Qxd3 Qa6 17. Qxa6 Rxa6 18. Bg5 cxd4 19. Bxf6 gxf6 20. exd5 Rxe2 21. Nxe2 Ne7 22. d6 Nf5 23. d7 Ra8 24. g4 Ne3 25. Nxd4 Nxf1 26. Nc6 Nd2 27. Ne7+ Kg7 28. Nc8 1-0

[Event "Karlsruhe Grenke op"]
[Site "Karlsruhe"]
[Date "2025.04.18"]
[Round "2"]
[White "Kawulok, Marek"]
[Black "Kopylov, Daniel"]
[Result "0-1"]
[WhiteElo "2218"]
[BlackElo "2431"]
[PlyCount "126"]
[EventDate "2025.04.17"]
[EventType "swiss"]
[EventRounds "9"]
[EventCountry "GER"]
[SourceTitle "CB17_2025"]
[SourceDate "2025.04.23"]
[SourceVersion "1"]
[SourceVersionDate "2025.04.23"]
[SourceQuality "1"]

1. e4 c5 2. Nf3 Nc6 3. Bb5 g6 4. 0-0 Bg7 5. c3 Nf6 6. Re1 0-0 7. d4 d5 8. e5 Ne4 9. Bxc6 bxc6 10. Be3 Rb8 11. Qc1 c4 12. Nbd2 Nxd2 13. Nxd2 Bf5 14. b3 Bd3 15. Qa3 Qd7 16. Qa4 cxb3 17. axb3 a6 18. b4 f6 19. e6 Qd6 20. Qd1 Ra8 21. Nb3 Bb5 22. Nc5 f5 23. g3 f4 24. Bxf4 Rxf4 25. gxf4 Qxf4 26. Re3 Rf8 27. Ra2 Bh6 28. Kg2 Bc4 29. Rb2 Rf5 30. Rg3 Kh8 31. Rg4 Qd6 32. Qe1 Bf4 33. Rg3 Qd8 34. Nd7 Qg8 35. Rf3 Qg7 36. Rxf4 Rxf4 37. Qe5 Re4 38. Qb8+ Qg8 39. Qxg8+ Kxg8 40. Nc5 Re1 41. Rc2 Kg7 42. f3 Kf6 43. Kf2 Rf1+ 44. Ke3 Kf5 45. Rf2 Rc1 46. Kd2 Ra1 47. Ke3 Kg5 48. Nd3 Bxd3 49. Kxd3 Re1 50. Ra2 Rxe6 51. Rxa6 Kf4 52. c4 Re3+ 53. Kd2 Rb3 54. Rxc6 Rxb4 55. cxd5 Rxd4+ 56. Ke2 Rxd5 57. Rc4+ Kf5 58. Kf2 Rd3 59. Rc7 Kf6 60. Kg3 g5 61. Rc4 h5 62. h3 Kf5 63. Rc2 g4 0-1

[Event "Karlsruhe Grenke op"]
[Site "Karlsruhe"]
[Date "2025.04.18"]
[Round "3"]
[White "Kopylov, Daniel"]
[Black "Kovacsy, Barnabas"]
[Result "1/2-1/2"]
[WhiteElo "2431"]
[BlackElo "2260"]
[PlyCount "70"]
[EventDate "2025.04.17"]
[EventType "swiss"]
[EventRounds "9"]
[EventCountry "GER"]
[SourceTitle "CB17_2025"]
[SourceDate "2025.04.23"]
[SourceVersion "1"]
[SourceVersionDate "2025.04.23"]
[SourceQuality "1"]

1. e4 c5 2. Nf3 Nc6 3. d4 cxd4 4. Nxd4 e6 5. Nc3 Qc7 6. Be2 a6 7. 0-0 b5 8. Nxc6 dxc6 9. a4 b4 10. Nb1 Nf6 11. Nd2 Bc5 12. a5 0-0 13. Bd3 e5 14. h3 Be6 15. Qe2 Qc8 16. Nf3 Re8 17. Be3 Bxe3 18. Qxe3 c5 19. Nxe5 c4 20. Be2 Bxh3 21. Nxc4 Rxe4 22. Qd3 Bg4 23. Bxg4 Rxg4 24. Ne3 Rg5 25. Rfd1 h5 26. Qc4 Ng4 27. Qxc8+ Rxc8 28. Rd5 Rxd5 29. Nxd5 Rxc2 30. Nxb4 Rxf2 31. Nxa6 Rxb2 32. Nc7 Rb7 33. a6 Rxc7 34. a7 Rxa7 35. Rxa7 g6 1/2-1/2

[Event "Karlsruhe Grenke op"]
[Site "Karlsruhe"]
[Date "2025.04.17"]
[Round "1"]
[White "Kopylov, Daniel"]
[Black "Novotny, Dominik"]
[Result "1-0"]
[WhiteElo "2431"]
[BlackElo "2093"]
[PlyCount "77"]
[EventDate "2025.04.17"]
[EventType "swiss"]
[EventRounds "9"]
[EventCountry "GER"]
[SourceTitle "CB17_2025"]
[SourceDate "2025.04.23"]
[SourceVersion "1"]
[SourceVersionDate "2025.04.23"]
[SourceQuality "1"]

1. e4 c5 2. Nf3 d6 3. d4 cxd4 4. Nxd4 Nf6 5. Nc3 Nc6 6. Bg5 e6 7. Qd2 a6 8. 0-0-0 Bd7 9. f4 Be7 10. Nf3 b5 11. Bxf6 gxf6 12. Kb1 Qb6 13. f5 0-0-0 14. g3 Kb8 15. fxe6 fxe6 16. Bh3 Qb7 17. Ne2 Ne5 18. Nfd4 Nc4 19. Qd3 e5 20. Bxd7 Rxd7 21. Nf5 Rhd8 22. Nc3 d5 23. Nxd5 Nb6 24. Qf3 Nxd5 25. Rxd5 Rxd5 26. exd5 Bc5 27. Rd1 Ka8 28. g4 b4 29. Ng3 Ka7 30. Ne4 Rxd5 31. Nxc5 Rxc5 32. Qxf6 Qc7 33. Qf5 Kb6 34. b3 a5 35. Qe4 Qc6 36. Qxh7 e4 37. Rc1 e3 38. Qd3 Qf3 39. Rf1 1-0

[Event "Titled Tuesday intern op 04th Mar Early"]
[Site "Chess.com INT"]
[Date "2025.03.04"]
[Round "3"]
[White "Munoz Triana, Joseph Steve"]
[Black "Kopylov, Daniel"]
[Result "1/2-1/2"]
[WhiteElo "2235"]
[BlackElo "2427"]
[PlyCount "165"]
[EventDate "2025.03.04"]
[EventType "swiss (blitz)"]
[EventRounds "11"]
[EventCountry "USA"]
[SourceTitle "CB11_2025"]
[SourceDate "2025.03.12"]
[SourceVersion "1"]
[SourceVersionDate "2025.03.12"]
[SourceQuality "1"]

1. e4 c5 2. Nf3 Nc6 3. d4 cxd4 4. Nxd4 Nf6 5. Nxc6 bxc6 6. Bd3 e5 7. 0-0 d5 8. Nc3 Bb4 9. Bd2 0-0 10. Re1 d4 11. Ne2 Bxd2 12. Qxd2 c5 13. f4 Ng4 14. h3 Ne3 15. b3 exf4 16. Nxf4 Qg5 17. Qf2 a5 18. Kh2 a4 19. Nd5 Be6 20. Nxe3 dxe3 21. Qxe3 Qxe3 22. Rxe3 axb3 23. cxb3 Bxb3 24. Rc1 Rxa2 25. Rxc5 Be6 26. Be2 Rd8 27. Bf3 g6 28. Re2 Rxe2 29. Bxe2 Rd2 30. Bf3 Kg7 31. e5 Rd4 32. Kg3 g5 33. Ra5 h5 34. Bxh5 Rd5 35. Rxd5 Bxd5 36. Bf3 Be6 37. Be4 f6 38. exf6+ Kxf6 39. h4 gxh4+ 40. Kxh4 Kg7 41. Kg5 Bd7 42. Bf5 Ba4 43. Kf4 Bd1 44. Bg4 Bb3 45. Bf3 Be6 46. Bg4 Bb3 47. Bf5 Bd1 48. g3 Be2 49. Be4 Bd1 50. Bf3 Bb3 51. g4 Be6 52. g5 Bd7 53. Bh5 Ba4 54. Bg4 Bc2 55. Bf5 Bb3 56. Ke5 Bd1 57. Be4 Ba4 58. Bf3 Bc2 59. Be2 Bb3 60. Kf4 Bc2 61. Bc4 Bb1 62. Bd5 Bc2 63. Be4 Bb3 64. Bf5 Ba4 65. Kg4 Bb3 66. Kh5 Bd1+ 67. Bg4 Bc2 68. Kh4 Bb3 69. Bf5 Ba2 70. Kg3 Bb3 71. Kf4 Ba2 72. Ke5 Bb3 73. Kd4 Ba2 74. Kc3 Bd5 75. Kd4 Ba2 76. Kc5 Bb3 77. Bb1 Bf7 78. Kd6 Bb3 79. Bf5 Ba2 80. Bd3 Bb3 81. Ke5 Ba2 82. Kf4 Bb3 83. Bf5 1/2-1/2

[Event "Titled Tuesday intern op 11th Feb Early"]
[Site "Chess.com INT"]
[Date "2025.02.11"]
[Round "9"]
[White "Kopylov, Daniel"]
[Black "Myagmarsuren, Evsuld"]
[Result "1/2-1/2"]
[WhiteElo "2422"]
[BlackElo "2296"]
[PlyCount "83"]
[EventDate "2025.02.11"]
[EventType "swiss (blitz)"]
[EventRounds "11"]
[EventCountry "USA"]
[SourceTitle "CB09_2025"]
[SourceDate "2025.02.27"]
[SourceVersion "1"]
[SourceVersionDate "2025.02.27"]
[SourceQuality "1"]

1. Nf3 d5 2. g3 g6 3. Bg2 Bg7 4. d4 Nf6 5. 0-0 0-0 6. c4 c6 7. cxd5 cxd5 8. Ne5 Nc6 9. Nc3 Bf5 10. Bf4 Ne4 11. Nxc6 bxc6 12. Rc1 Nxc3 13. Rxc3 Qb6 14. e3 Qxb2 15. Rxc6 Qxa2 16. Qa1 Qxa1 17. Rxa1 e6 18. Rca6 Rfc8 19. h4 h5 20. Bf1 Bf8 21. Rxa7 Rxa7 22. Rxa7 Rc1 23. Ra8 Bh3 24. Bd6 Rxf1+ 25. Kh2 Bg4 26. Kg2 Rb1 27. Bxf8 Bf5 28. Bd6+ Kg7 29. Be5+ f6 30. Ra7+ Kf8 31. g4 Be4+ 32. f3 Bd3 33. Bxf6 hxg4 34. fxg4 Be4+ 35. Kg3 Rf1 36. Be7+ Ke8 37. Bg5 Rf3+ 38. Kh2 Rf2+ 39. Kg3 Rf3+ 40. Kh2 Rf2+ 41. Kh3 Rf3+ 42. Kh2 1/2-1/2

[Event "Titled Tuesday intern op 11th Feb Early"]
[Site "Chess.com INT"]
[Date "2025.02.11"]
[Round "5"]
[White "Kopylov, Daniel"]
[Black "Pakleza, Zbigniew"]
[Result "0-1"]
[WhiteElo "2422"]
[BlackElo "2485"]
[PlyCount "66"]
[EventDate "2025.02.11"]
[EventType "swiss (blitz)"]
[EventRounds "11"]
[EventCountry "USA"]
[SourceTitle "CB09_2025"]
[SourceDate "2025.02.27"]
[SourceVersion "1"]
[SourceVersionDate "2025.02.27"]
[SourceQuality "1"]

1. Nf3 d5 2. g3 Nf6 3. Bg2 Bf5 4. c4 c6 5. Qb3 Qb6 6. d3 e6 7. Be3 Qxb3 8. axb3 a6 9. 0-0 Nbd7 10. Bd4 Be7 11. Nbd2 h6 12. Bc3 0-0 13. b4 Bh7 14. Nb3 Bd6 15. Na5 Rab8 16. Nd4 e5 17. Ndb3 e4 18. Rfd1 exd3 19. exd3 Ne5 20. Bxe5 Bxe5 21. Nc5 Bxb2 22. Rab1 Bd4 23. cxd5 Nxd5 24. Ncxb7 Nc3 25. Rbc1 Ne2+ 26. Kh1 Nxc1 27. Rxc1 Bxf2 28. Rxc6 Bxd3 29. Rc7 Rbc8 30. Rxc8 Rxc8 31. Nc6 Kf8 32. h4 Bb5 33. Nba5 Bxg3 0-1

[Event "Titled Tuesday intern op 11th Feb Early"]
[Site "Chess.com INT"]
[Date "2025.02.11"]
[Round "8"]
[White "Kopylov, Daniel"]
[Black "Rustemov, Alexander"]
[Result "0-1"]
[WhiteElo "2422"]
[BlackElo "2525"]
[PlyCount "38"]
[EventDate "2025.02.11"]
[EventType "swiss (blitz)"]
[EventRounds "11"]
[EventCountry "USA"]
[SourceTitle "CB09_2025"]
[SourceDate "2025.02.27"]
[SourceVersion "1"]
[SourceVersionDate "2025.02.27"]
[SourceQuality "1"]

1. Nf3 d5 2. g3 c6 3. Bg2 Bf5 4. c4 e6 5. Qb3 Qb6 6. d3 Nd7 7. Be3 Bc5 8. Bxc5 Nxc5 9. Qa3 a5 10. 0-0 Nf6 11. d4 Ncd7 12. Nbd2 Qb4 13. Qe3 h6 14. cxd5 cxd5 15. b3 0-0 16. a3 Qb5 17. Rfc1 Ng4 18. Qc3 Qxe2 19. Rf1 Rfc8 0-1

[Event "Titled Tuesday intern op 28th Jan Early"]
[Site "Chess.com INT"]
[Date "2025.01.28"]
[Round "9"]
[White "Ferrara, Enzo"]
[Black "Kopylov, Daniel"]
[Result "0-1"]
[WhiteElo "2138"]
[BlackElo "2435"]
[PlyCount "112"]
[EventDate "2025.01.28"]
[EventType "swiss (blitz)"]
[EventRounds "11"]
[EventCountry "USA"]
[SourceTitle "CB06_2025"]
[SourceDate "2025.02.05"]
[SourceVersion "1"]
[SourceVersionDate "2025.02.05"]
[SourceQuality "1"]

1. d4 d5 2. Nf3 e6 3. g3 Nf6 4. Bg2 c5 5. e3 Nc6 6. 0-0 b6 7. Ne5 Bb7 8. c4 cxd4 9. exd4 Be7 10. Qa4 Rc8 11. Nc3 0-0 12. Rd1 a6 13. Be3 Qe8 14. Nxc6 Qxc6 15. Qb3 Qxc4 16. Qxb6 Qb4 17. Qxb4 Bxb4 18. Rdc1 a5 19. Nb5 Ba6 20. Bf1 Ne4 21. a3 Bd2 22. Bxd2 Nxd2 23. Rxc8 Rxc8 24. Nd6 Rc6 25. Bxa6 Rxd6 26. Rc1 g6 27. Bd3 Nf3+ 28. Kg2 Nxd4 29. Rc5 Rb6 30. Rxa5 Rxb2 31. Ra7 e5 32. Rd7 Rb3 33. Bf1 Rxa3 34. Rxd5 f6 35. Rd7 Rc3 36. Ba6 Rc2 37. Bd3 Rd2 38. Be4 Rb2 39. Bd5+ Kh8 40. h4 h5 41. Be6 Nxe6 42. Rf7 f5 43. Rf6 Nd4 44. Rxg6 Kh7 45. Rg5 Kh6 46. Rg8 e4 47. Rh8+ Kg6 48. Rg8+ Kf6 49. Rd8 Ke5 50. Re8+ Ne6 51. Rh8 e3 52. Rxh5 Rxf2+ 53. Kg1 Ke4 54. Rh6 Nd4 55. Rf6 Nf3+ 56. Kh1 Rh2# 0-1

[Event "Titled Tuesday intern op 28th Jan Early"]
[Site "Chess.com INT"]
[Date "2025.01.28"]
[Round "4"]
[White "Kopylov, Daniel"]
[Black "Hofstadler, Mario"]
[Result "1-0"]
[WhiteElo "2435"]
[BlackElo "2204"]
[PlyCount "75"]
[EventDate "2025.01.28"]
[EventType "swiss (blitz)"]
[EventRounds "11"]
[EventCountry "USA"]
[SourceTitle "CB06_2025"]
[SourceDate "2025.02.05"]
[SourceVersion "1"]
[SourceVersionDate "2025.02.05"]
[SourceQuality "1"]

1. Nf3 b6 2. e4 Bb7 3. Nc3 g6 4. d4 Bg7 5. Bc4 e6 6. 0-0 Ne7 7. a4 0-0 8. Re1 Nbc6 9. Bg5 h6 10. Be3 Nb4 11. Bf1 d5 12. e5 Nf5 13. a5 Ba6 14. Bxa6 Nxa6 15. Qe2 Nb4 16. Ra4 Nc6 17. a6 Nb8 18. Nb5 c6 19. Nc3 Nd7 20. Bc1 c5 21. Nb5 cxd4 22. g4 Ne7 23. Nbxd4 Rc8 24. c3 Nc6 25. Bf4 Nxd4 26. Nxd4 Rc5 27. Raa1 Rc4 28. Kg2 b5 29. Qe3 g5 30. Bg3 Qb6 31. h4 gxh4 32. Bf4 Nc5 33. Bxh6 Bxh6 34. Qxh6 Nd3 35. Qg5+ Kh8 36. Qxh4+ Kg7 37. Qg5+ Kh8 38. Rh1# 1-0

[Event "Titled Tuesday intern op 28th Jan Early"]
[Site "Chess.com INT"]
[Date "2025.01.28"]
[Round "2"]
[White "Kopylov, Daniel"]
[Black "Moussard, Jules"]
[Result "1-0"]
[WhiteElo "2435"]
[BlackElo "2599"]
[PlyCount "91"]
[EventDate "2025.01.28"]
[EventType "swiss (blitz)"]
[EventRounds "11"]
[EventCountry "USA"]
[SourceTitle "CB06_2025"]
[SourceDate "2025.02.05"]
[SourceVersion "1"]
[SourceVersionDate "2025.02.05"]
[SourceQuality "1"]

1. Nf3 Nf6 2. g3 b6 3. Bg2 Bb7 4. 0-0 g6 5. c4 Bg7 6. Nc3 0-0 7. d4 Ne4 8. Qc2 Nxc3 9. bxc3 Nc6 10. e4 Na5 11. Qd3 d6 12. Re1 e6 13. Bg5 Qd7 14. Nd2 Ba6 15. a4 Rac8 16. d5 c6 17. Bh3 h6 18. Bf4 Rfd8 19. dxe6 fxe6 20. e5 dxe5 21. Qxd7 Rxd7 22. Bxe6+ Rf7 23. Bxe5 Rd8 24. Bxf7+ Kxf7 25. Bxg7 Rxd2 26. Bxh6 Rd7 27. Rad1 Rxd1 28. Rxd1 Bxc4 29. Rd7+ Ke6 30. Rxa7 Nb3 31. Be3 c5 32. Rb7 Kd5 33. Rxb6 Ke4 34. Rxg6 Kd3 35. Rd6+ Kxc3 36. Rc6 Kb4 37. h4 Bd5 38. Rc7 c4 39. h5 c3 40. h6 Be4 41. h7 Bxh7 42. Rxh7 Kxa4 43. Ra7+ Kb4 44. Rb7+ Kc4 45. Rxb3 Kxb3 46. g4 1-0

[Event "Roquetas de Mar op 36th"]
[Site "Roquetas de Mar"]
[Date "2025.01.02"]
[Round "1"]
[White "Kopylov, Daniel"]
[Black "Colloridi, Dominic"]
[Result "1-0"]
[WhiteElo "2435"]
[BlackElo "2045"]
[PlyCount "56"]
[EventDate "2025.01.02"]
[EventType "swiss"]
[EventRounds "9"]
[EventCountry "ESP"]
[SourceTitle "CB02_2025"]
[SourceDate "2025.01.08"]
[SourceVersion "1"]
[SourceVersionDate "2025.01.08"]
[SourceQuality "1"]

1. e4 e5 2. Nf3 Nc6 3. Bb5 g6 4. c3 d6 5. d4 Bd7 6. 0-0 Bg7 7. Re1 Nge7 8. Be3 0-0 9. dxe5 Nxe5 10. Bxd7 Nxf3+ 11. Qxf3 Qxd7 12. Nd2 Nc6 13. Rad1 Rae8 14. Bf4 Qe6 15. a3 Qa2 16. Rb1 f5 17. exf5 Rxe1+ 18. Rxe1 Rxf5 19. Re8+ Bf8 20. Qe3 Qf7 21. Bh6 Re5 22. Rxe5 Bxh6 23. Qxh6 Nxe5 24. Qg5 Kg7 25. h3 Nd3 26. Nf3 b6 27. Qd2 Nf4 28. Ng5 Qf6 1-0

[Event "Leer op"]
[Site "Leer"]
[Date "2024.10.31"]
[Round "1"]
[White "Goldmann, David"]
[Black "Kopylov, Daniel"]
[Result "0-1"]
[WhiteElo "1980"]
[BlackElo "2369"]
[PlyCount "74"]
[EventDate "2024.10.31"]
[EventType "swiss"]
[EventRounds "7"]
[EventCountry "GER"]
[SourceTitle "CB45_2024"]
[Source "ChessBase"]
[SourceDate "2024.11.06"]
[SourceVersion "1"]
[SourceVersionDate "2024.11.06"]
[SourceQuality "1"]

1. e4 c5 2. Nf3 Nc6 3. Nc3 d6 4. Bc4 Nf6 5. d3 Bg4 6. h3 Bh5 7. Nd5 Nxd5 8. Bxd5 e6 9. Bb3 d5 10. exd5 exd5 11. Qe2+ Be7 12. g4 Bg6 13. Bg5 0-0 14. Bxe7 Qxe7 15. Qxe7 Nxe7 16. 0-0 b5 17. Rfe1 Rfe8 18. Ne5 c4 19. dxc4 dxc4 20. Nxc4 bxc4 21. Ba4 Kf8 22. Bxe8 Rxe8 23. c3 Rc8 24. Re5 Bd3 25. b3 Ng6 26. Ra5 Rc7 27. Re1 Nf4 28. Re3 g6 29. bxc4 Bxc4 30. Ree5 Nxh3+ 31. Kg2 Nf4+ 32. Kg3 Ne6 33. f4 f6 34. Re4 Kf7 35. Re3 a6 36. Ra4 h6 37. Rb4 Bxa2 0-1

[Event "Bielefeld rapid op"]
[Site "Bielefeld"]
[Date "2024.10.13"]
[Round "8"]
[White "Kopylov, Daniel"]
[Black "Peng, Xiang Tobias"]
[Result "1-0"]
[WhiteElo "2369"]
[BlackElo "2233"]
[PlyCount "89"]
[EventDate "2024.10.12"]
[EventType "swiss"]
[EventRounds "9"]
[EventCountry "GER"]
[SourceTitle "CB43_2024"]
[Source "Chessbase"]
[SourceDate "2024.10.23"]
[SourceVersion "1"]
[SourceVersionDate "2024.10.23"]
[SourceQuality "1"]

1. e4 e5 2. Nf3 Nc6 3. Bb5 a6 4. Ba4 Nf6 5. 0-0 Nxe4 6. d4 b5 7. Bb3 d5 8. dxe5 Be6 9. Nbd2 Nc5 10. c3 d4 11. cxd4 Nxd4 12. Nxd4 Qxd4 13. Bxe6 Nxe6 14. Qf3 Rd8 15. Qc6+ Qd7 16. Qxa6 Bc5 17. Ne4 0-0 18. Nxc5 Nxc5 19. Qa3 Nd3 20. Bg5 Ra8 21. Qc3 b4 22. Qc4 Nxe5 23. Qxb4 Ra4 24. Qe7 Qf5 25. Rfd1 Ng6 26. Qd7 Qe4 27. Qxc7 Rc4 28. Qg3 Qf5 29. h3 h5 30. Qd3 Re4 31. Qf3 Qe5 32. Bd2 Re8 33. Bc3 Qg5 34. Re1 f5 35. Rxe4 fxe4 36. Qg3 Qf5 37. Rd1 Re7 38. Qd6 Rf7 39. Bd4 Nf4 40. Qd8+ Kh7 41. Be3 Nxh3+ 42. gxh3 Qxh3 43. Rd5 Rf6 44. Rg5 Rf3 45. Qd4 1-0

[Event "Titled Tuesday intern op 03rd Sep Early"]
[Site "Chess.com INT"]
[Date "2024.09.03"]
[Round "8"]
[White "Aradhya, Garg"]
[Black "Kopylov, Daniel"]
[Result "1-0"]
[WhiteElo "2405"]
[BlackElo "2369"]
[PlyCount "49"]
[EventDate "2024.09.03"]
[EventType "swiss (blitz)"]
[EventRounds "11"]
[EventCountry "USA"]
[SourceTitle "EXT 2025"]
[Source "ChessBase"]
[SourceDate "2024.10.14"]
[SourceVersion "1"]
[SourceVersionDate "2024.10.14"]
[SourceQuality "1"]

1. d4 Nf6 2. c4 g6 3. Nf3 Bg7 4. g3 c6 5. Bg2 0-0 6. 0-0 d5 7. Nbd2 Ne4 8. Nxe4 dxe4 9. Ng5 Qxd4 10. Qxd4 Bxd4 11. Rd1 Bg7 12. Nxe4 Na6 13. Bg5 Re8 14. Rab1 Be6 15. b3 Kf8 16. Be3 Bf5 17. h3 Nb4 18. Rd2 Rad8 19. Rbd1 Rxd2 20. Rxd2 b6 21. g4 Bc8 22. a3 Na6 23. Ng5 h6 24. Nh7+ Kg8 25. Bxc6 1-0

[Event "Titled Tuesday intern op 03rd Sep Early"]
[Site "Chess.com INT"]
[Date "2024.09.03"]
[Round "5"]
[White "Avila Jimenez, Xavier"]
[Black "Kopylov, Daniel"]
[Result "0-1"]
[WhiteElo "2135"]
[BlackElo "2369"]
[PlyCount "102"]
[EventDate "2024.09.03"]
[EventType "swiss (blitz)"]
[EventRounds "11"]
[EventCountry "USA"]
[SourceTitle "EXT 2025"]
[Source "ChessBase"]
[SourceDate "2024.10.14"]
[SourceVersion "1"]
[SourceVersionDate "2024.10.14"]
[SourceQuality "1"]

1. d4 d5 2. Bf4 c5 3. e3 Nc6 4. Bb5 cxd4 5. exd4 Qb6 6. Nc3 Nf6 7. a4 Bd7 8. a5 Qxd4 9. Nge2 Qxd1+ 10. Rxd1 e6 11. a6 b6 12. 0-0 Be7 13. Rfe1 Rc8 14. Bd3 Nb4 15. h3 0-0 16. Nd4 Nxd3 17. Rxd3 Bb4 18. Ra1 Bxc3 19. bxc3 Ne4 20. Ra3 Rc4 21. f3 Nc5 22. Rd2 Ra4 23. Rxa4 Bxa4 24. Bd6 Rc8 25. Kf2 Nxa6 26. Ne2 Bb5 27. Rd4 Bxe2 28. Kxe2 Rxc3 29. Kd2 Rc6 30. Be7 Nc7 31. Ra4 a5 32. Ra2 f6 33. Rb2 Kf7 34. Bd8 a4 35. Rb4 b5 36. Kc1 e5 37. Bxc7 Rxc7 38. Rxb5 Ke6 39. Ra5 Rc4 40. Kd2 h5 41. c3 g5 42. Kd3 h4 43. Ra7 Kf5 44. Ra6 Kg6 45. Ra5 Rc7 46. Rxd5 Ra7 47. Kc2 a3 48. Kb1 a2+ 49. Ka1 Kf5 50. Rd2 Ra3 51. Rc2 Ke6 0-1

[Event "Titled Tuesday intern op 03rd Sep Early"]
[Site "Chess.com INT"]
[Date "2024.09.03"]
[Round "7"]
[White "De Winter, Arthur"]
[Black "Kopylov, Daniel"]
[Result "0-1"]
[WhiteElo "2440"]
[BlackElo "2369"]
[PlyCount "78"]
[EventDate "2024.09.03"]
[EventType "swiss (blitz)"]
[EventRounds "11"]
[EventCountry "USA"]
[SourceTitle "EXT 2025"]
[Source "ChessBase"]
[SourceDate "2024.10.14"]
[SourceVersion "1"]
[SourceVersionDate "2024.10.14"]
[SourceQuality "1"]

1. e4 c5 2. Nf3 Nc6 3. c3 d5 4. exd5 Qxd5 5. Na3 Nf6 6. Bc4 Qd8 7. 0-0 e6 8. Nc2 Be7 9. d4 0-0 10. Qe2 cxd4 11. Ncxd4 Nxd4 12. Nxd4 a6 13. Rd1 Qc7 14. a4 Bd7 15. Bg5 h6 16. Bh4 Rac8 17. Bd3 Rfd8 18. Nf5 exf5 19. Qxe7 Re8 20. Qb4 Ne4 21. Bg3 Nxg3 22. hxg3 Re5 23. Bf1 Bc6 24. a5 Rce8 25. Rd4 Re1 26. Rxe1 Rxe1 27. c4 Re5 28. Qb6 Qe7 29. Qd8+ Qxd8 30. Rxd8+ Kh7 31. b4 Re1 32. f3 Rb1 33. b5 axb5 34. Kf2 b4 35. Bd3 Rb2+ 36. Ke3 g6 37. Rd6 Ra2 38. g4 fxg4 39. fxg4 Rxa5 0-1

[Event "Titled Tuesday intern op 03rd Sep Early"]
[Site "Chess.com INT"]
[Date "2024.09.03"]
[Round "4"]
[White "Kopylov, Daniel"]
[Black "Elier, Ali"]
[Result "1-0"]
[WhiteElo "2369"]
[BlackElo "2160"]
[PlyCount "83"]
[EventDate "2024.09.03"]
[EventType "swiss (blitz)"]
[EventRounds "11"]
[EventCountry "USA"]
[SourceTitle "EXT 2025"]
[Source "ChessBase"]
[SourceDate "2024.10.14"]
[SourceVersion "1"]
[SourceVersionDate "2024.10.14"]
[SourceQuality "1"]

1. e4 e5 2. Nf3 Nc6 3. Bb5 a6 4. Ba4 b5 5. Bb3 Na5 6. 0-0 d6 7. d4 exd4 8. Nxd4 Bb7 9. Nc3 c5 10. Bxf7+ Kxf7 11. Nf3 Nf6 12. Ng5+ Kg8 13. Nd5 Bxd5 14. exd5 Qd7 15. b3 Re8 16. Ne6 Qf7 17. Re1 h6 18. Bd2 Nb7 19. c4 Nd8 20. Nxd8 Rxd8 21. Re6 Re8 22. Qe2 bxc4 23. bxc4 Rxe6 24. dxe6 Qc7 25. Qf3 Be7 26. Rb1 g5 27. Rb7 Qd8 28. Qb3 Kg7 29. h3 Rf8 30. Bc3 Kg8 31. Qc2 Kg7 32. Qd3 Qe8 33. Rd7 Kg8 34. Ra7 Bd8 35. Qxd6 Kh8 36. e7 Rf7 37. Bxf6+ Rxf6 38. Qxd8 Kg8 39. Qxe8+ Kg7 40. Qd7 Kg6 41. e8Q+ Rf7 42. Qexf7# 1-0